000 00625cam a22002293a 4500
001 2434
003 PGUSA
005 20140828083014.0
008 001201s2000||||xxu|||||s|||||000 | eng d
040 _aPGUSA
_beng
042 _adc
050 4 _aHX
100 1 _aBacon, Francis,
_d1561-1626
245 1 0 _aNew Atlantis
_h[electronic resource] /
_cFrancis Bacon
260 _bProject Gutenberg,
_c2000
506 _aPublic domain in the USA.
516 _aElectronic text
653 _aUtopias -- Early works to 1800
830 0 _aProject Gutenberg
_v2434
856 4 0 _uhttp://www.gutenberg.org/ebooks/2434
942 _cEB
999 _c231771
_d231771